| 000 | 00501cam a22001457a 4500 | ||
|---|---|---|---|
| 999 |
_c512009 _d512009 |
||
| 008 | 180718b-- xxu||||| |||| 00| 0 eng d | ||
| 082 | _aA45:W6/2017-18 | ||
| 100 |
_aIndia. Ministry of Civil Aviation _912650 |
||
| 245 | _aAnnual report 2017-18 | ||
| 260 |
_aNew Delhi _bThe author _c2018 |
||
| 300 | _a114p | ||
| 500 | _aLibrary has 1964/65-1966/67, 1970/71-1973/74, 1976/77-1981/82, 1983/84-1984/85, 1992/93-1994/95, 1996/97-2009/10,2017-18 | ||
| 650 |
_aCivil aviation - India _912651 |
||
| 942 | _2ddc | ||